MDQL
is popping MORE tags! Check the
thread
!
Quizzes
Events
Quiz Creation
Community
Videos
Private Events
Remove Ads
Sign In
Join for FREE
Feedback
Dark Mode
Quiz Categories
Sports
Geography
Music
Movies
Television
Just For Fun
Miscellaneous
History
Literature
Language
Science
Gaming
Entertainment
Religion
Holiday
For Kids
Quiz Lab
Recent
Popular Today
Quiz Kudos Today
Editor Picks
Curator Picks
Quizzes by...
Day
Popularity
Type
Ratings
Length
Year
Community
Subscriptions
Recent Discussions
Orange Saloon
Badges
Playlists
Quests
Create
Leaderboards
Showdown
Live 5
Trivia Bingo
Activity
Puzzle Library
Sporcle Events
Private Events
Virtual Trivia
Globe League
Become a Host
Pub Owners
SporcleCon
Opinionation
Our Games
Videos
Blog
Mobile Apps
Partnerships
Remove Ads and Go Orange
Feedback
Entertainment
Celebrity
Famous
Musical
Broadway
Show
Quote
Comic Books
Anime
Superhero
DC Comics
Marvel
Cartoons
Animation
Entertainment
Celebrity
Famous
Musical
Broadway
Show
Quote
Comic Books
Anime
Superhero
DC Comics
Marvel
Cartoons
Animation
Random Quiz
Search Sporcle
×
Quiz Lab
Quiz Lab
Entertainment
Logic
Type in answers that appear in a list
Type in answers that appear in a list
Classic
Best Score? Go Orange.
Futurama Logic Puzzle Stats
Can you deduce the position of the characters listed below using the clues provided and your cursory knowledge of Futurama?
By
behof
20m
25 Questions
101.5K Plays
101,499 Plays
101,499 Plays
Comments
Comments
Give Quiz Kudos
Give Quiz Kudos
-
- Ratings
hide this ad
More Info
Forced Order
Answers have to be entered in order
Answers have to be entered in order
Minefield
Wrong answers will end the quiz
Wrong answers will end the quiz
Wrong Answers
Some wrong answers will appear in red
Some wrong answers will appear in red
Replay
Link that replays current quiz
Next Quiz
Link to next quiz in quiz playlist
You Got
0%
They Got
Avg Score
17%
Avg Friend Score
Upgrade to see
Score Distribution
Jump to the score distribution portion of the page
Score
0/25
Timer
20:00
0
Plays Today
% Correct
-
-
-
A1 -
-
-
???
100%
-
-
-
A5 -
-
-
???
39.7%
-
-
-
B2 -
-
-
???
38.1%
-
-
-
A2 -
-
-
???
31.9%
-
-
-
A3 -
-
-
???
29.8%
-
-
-
D4 -
-
-
???
27.3%
-
-
-
A4 -
-
-
???
24.6%
-
-
-
C3 -
-
-
???
19.9%
-
-
-
E1 -
-
-
???
17.4%
-
-
-
E5 -
-
-
???
13.9%
-
-
-
D1 -
-
-
???
11.4%
-
-
-
B1 -
-
-
???
10.7%
-
-
-
D5 -
-
-
???
9.9%
% Correct
-
-
-
E2 -
-
-
???
9.3%
-
-
-
C2 -
-
-
???
8.5%
-
-
-
D3 -
-
-
???
7.8%
-
-
-
C4 -
-
-
???
6.4%
-
-
-
B4 -
-
-
???
6.3%
-
-
-
B5 -
-
-
???
4.6%
-
-
-
B3 -
-
-
???
4.2%
-
-
-
E3 -
-
-
???
4.1%
-
-
-
C1 -
-
-
???
3.4%
-
-
-
D2 -
-
-
???
3.2%
-
-
-
C5 -
-
-
???
3%
-
-
-
E4 -
-
-
???
2.1%
Quiz Playlist
Details
Report
Send in Message
Add To Playlist
More Info:
Adjacent characters can be above, below, beside or immediately diagonal to.
Classic:
Type in answers that appear in a list
Forced Order:
Answers have to be entered in order
Minefield:
Wrong answers will end the quiz
Wrong Answers:
Some wrong answers will appear in red
Quiz Source
Last Updated: Jul 18, 2017
Quiz Scoreboard
CHALLENGE
Sign Up to Join the Scoreboard
Show All
Scores
Hide
Comments
May contain spoilers
Recently Published
Street Fighter Characters
by Artimus82
Gaming
60s
9x9 Crossword: Cartoon Network
by jackfrog10
Miscellaneous
3m
College Basketball Coaching Resumes
by pancakes188
Sports
9m
More to Explore
Quiz From the Vault
Featured Blog Post
Where Did the Easter Bunny Come From?
hide this ad
You Might Also Like...
Tags
Logic Quiz
Puzzle Quiz
Cartoon Characters
futurama
Today's Top Quizzes in Entertainment
Browse Entertainment
hide this ad
Today's Top Quizzes in Logic
Browse Logic
Top Contributed Quizzes in Entertainment
1
7-to-1: DC Comics Villains
2
Marvel Characters Bunker
3
Eurovision 2023 Logic Puzzle
4
Dragon Ball Z: Goku's Fights in Order
5
Sorting Pictures: Villains
6
Criteria Quickie: Cartoon Taxonomy II
7
7-to-1: One Piece
8
Mini Trivia Sudoku: Musicals
9
Fictional Villains Letter U Blitz
10
Kamen Rider Motifs
Explore More
Trending Topics
NBA
Harry Potter
Anime
Marvel
Kpop
Crossword
Disney
The Office
Song
Pokémon
NFL
WWE
Country
Puzzle
Soccer
hide this ad
More By:
behof
Quiz
Plays
Rating
Category
Featured
Created
Futurama Logic Puzzle
101,499
1.55
Entertainment
Mar 29, 2014
Name the Pearl Jam Song Lyrics
376
4.00
Music
Jun 25, 2013
Misspelled Presidents Blitz
194
4.50
Language
Aug 27, 2013
MLB - First 2014 HR Per Team
130
2.67
Sports
Apr 2, 2014
MLB Head-To-Head Records Volume I
123
3.20
Sports
Apr 3, 2014
Go to Creator's Profile
Score Distribution
Quiz Creator Spotlight
behof
Follow
Send a Message
Quizzes Created
-
Created Quiz Play Count
-
More By This Creator
Popular Quizzes Today
1
Find the US States - No Outlines Minefield
2
Find the Countries of Europe - No Outlines Minefield
3
The Countries of the World
4
Find the US States
5
Risky Map Clicking: Biggest States A-Z
6
US States
7
Popular People in 1961
8
Movies - When Are They Set?
More Entertainment Quizzes
Crossover Click: Batman
Curator's Pick
Trending Quizzes
Risky Map Clicking: Least Populous States A-Z
Billboard Blitz: Aretha Franklin
Famous Russians: Author or Composer?
1-10 Letter G Words
Countries of the World: 200 Million BC
Recently Updated
Leaping Animals
pecheneg
Reality TV Shows (A-Z)
bhenderson79
Rickey Henderson's Hall of Fame Teammates
pecheneg
Champions League XIs: Arsenal
pecheneg
Quick Pick: Celebrities in WWE's Hall of Fame
aduchscher
A-Z Keypad Blitz II
pecheneg
Multiple Oscar Actors
pecheneg
Mystery Phrase Blitz: Oscar 'Best Actors'
pecheneg
F. Scott Fitzgerald Novels
LTH
Pick 3 Villains
ddd62291
Trending Topics
Anime
NBA
Harry Potter
Kpop
Marvel
Disney
Crossword
Song
NFL
Pokémon
Puzzle
Soccer
The Office
WWE
Country
Your Account Isn't Verified!
In order to create a playlist on Sporcle, you need to verify the email address you used during registration. Go to your
Sporcle Settings
to finish the process.
Report this User
Report this user for behavior that violates our
Community Guidelines
.
Details:
Send Report
Go to the Sporcle.com Mobile Site →
Comments